000 00474nam a2200193Ia 4500
008 101110s9999 xx 000 0 und d
041 _aENGLISH
082 _bSR11310
_a657.8
100 _aGupta R.L.
245 _aProblems in advanced accounting
365 _b9
520 _aCommerce
546 _aENGLISH
630 _aProblems in advanced accounting
650 _aCommerce
655 _aCommerce
730 _aProblems in advanced accounting
942 _cBOOK
999 _c806098
_d806095